000
00265nam a2200109Ia 4500
008
220204s9999 xx 000 0 und d
082
_a
82-3
_b
CAR
100
_a
Cartland, Barbara
245
4
_a
The Bitter winds of love
260
_a
New York
_b
Jove
_c
1978
942
_c
BK
999
_c
31014
_d
31014